|
|
|
|
| LEADER |
00000nam a2200000Ia 4500 |
| 008 |
180918b2007 cr ||||| |||| 00| | spa d |
| 999 |
|
|
|c 2420
|d 2420
|
| 090 |
|
|
|a CD # 137
|
| 110 |
|
|
|a Instituto de Investigación en Educación
|9 760
|
| 245 |
1 |
0 |
|a Experiencias del Taller de madres maestras /
|c Instituto de Investigación en Educación
|
| 260 |
|
|
|a San José, Costa Rica :
|b INIE,
|c 2007
|
| 300 |
|
|
|a Disco Compacto
|
| 500 |
|
|
|a Taller realizado en San Pedro, Sula (Honduras)
|
| 650 |
1 |
4 |
|a MADRES
|9 1614
|
| 650 |
1 |
4 |
|a DOCENTES
|9 331
|
| 650 |
1 |
4 |
|a NIÑOS
|9 59
|
| 650 |
1 |
4 |
|a NIÑAS
|9 60
|
| 650 |
1 |
4 |
|a ENSEÑANZA
|9 14
|
| 650 |
1 |
4 |
|a APRENDIZAJE
|9 387
|
| 942 |
|
|
|i 003446
|h CD # 137
|2 z
|c 08
|